| 000 | 00434nam a2200145Ia 4500 | ||
|---|---|---|---|
| 008 | 230917s9999||||xx |||||||||||||| ||und|| | ||
| 040 |
_e45726 _aMAIN |
||
| 041 | _aEnglish | ||
| 082 | _a821.8 E46R:T | ||
| 100 | _aRajnath | ||
| 245 | 0 | _aTS Eliot's theory of poetry: A study of the changing critical ideas in the development of his prose and poetry | |
| 260 |
_aNew Delhi _bArnold-Heinemann _c1980 |
||
| 300 | _a208 p. | ||
| 942 | _cBK | ||
| 999 |
_c208315 _d208315 |
||